Primer Congreso de Antropología y de la Defensa del Patrimonio Cultural de América Central /

Tallennettuna:
Bibliografiset tiedot
Yhteisötekijät: UCR. FCS. Instituto de Invetigaciones Sociales, Museo Nacional de Costa Rica, Fundación Friedrich Ebert
Aineistotyyppi: Tuntematon
Julkaistu: San José: Universidad de Costa Rica
Aiheet:
Tagit: Lisää tagi
Ei tageja, Lisää ensimmäinen tagi!

MARC

LEADER 00000 a2200000 04500
001 15333
003
008 991231s d
040
090 |a 026411  
110 |a UCR. FCS. Instituto de Invetigaciones Sociales  
245 |a Primer Congreso de Antropología y de la Defensa del Patrimonio Cultural de América Central /  |c UCR. FCS. Instituto de Invetigaciones Sociales  
260 |a San José:   |b Universidad de Costa Rica  
650 |a PROTECCION DEL PATRIMONIO CULTURAL  
710 |a Museo Nacional de Costa Rica  
710 |a Fundación Friedrich Ebert  
999 |c 7726  |d 7726